Acceso a la justicia de las mujeres indígenas en Centroamérica /
El documento presenta un análisis de los derechos de las personas indígenas en Centroamérica, tomando como base la realidad que viven las mujeres indígenas de distintas comunidades centroamericanss cuando acuden a sus autoridades tradicionales o a la justicia estatal para la resolución de conflictos...
Bewaard in:
| Coauteur: | |
|---|---|
| Formaat: | Onbekend |
| Taal: | Spanish |
| Gepubliceerd in: |
San José, Costa Rica:
Instituto Interamericano de Derechos Humanos
2011
|
| Onderwerpen: | |
| Tags: |
Voeg label toe
Geen labels, Wees de eerste die dit record labelt!
|
MARC
| LEADER | 00000 a2200000 04500 | ||
|---|---|---|---|
| 001 | 45267 | ||
| 003 | cru CIDCACS/IIS | ||
| 005 | 20230619144627.0 | ||
| 008 | 050702s2011 cr spa d | ||
| 020 | |a 978-9968-611-69-5 | ||
| 040 | |a Centro de Recursos para el Aprendizaje y la Investigación |b spa |c cru IIS | ||
| 090 | |a 04.02.01 I59a | ||
| 110 | 1 | |9 7437 |a Instituto Interamericano de Derechos Humanos | |
| 245 | |a Acceso a la justicia de las mujeres indígenas en Centroamérica / |c Instituto Interamericano de Derechos Humanos | ||
| 260 | |a San José, Costa Rica: |b Instituto Interamericano de Derechos Humanos |c 2011 | ||
| 300 | |a 357 páginas : |b tablas, gráficos | ||
| 500 | |a Colección Centroamérica | ||
| 520 | 3 | |a El documento presenta un análisis de los derechos de las personas indígenas en Centroamérica, tomando como base la realidad que viven las mujeres indígenas de distintas comunidades centroamericanss cuando acuden a sus autoridades tradicionales o a la justicia estatal para la resolución de conflictos. | |
| 650 | 0 | 0 | |0 TESAUROS |9 8529 |a DERECHOS INDIGENAS |
| 650 | 0 | 0 | |9 38 |a DERECHOS HUMANOS |
| 650 | 0 | 0 | |9 5440 |a JUSTICIA |
| 650 | 0 | 0 | |9 4725 |a INDIGENAS |
| 650 | 0 | 0 | |9 88 |a MUJERES |
| 651 | 0 | |9 308 |a CENTROAMERICA | |
| 852 | 1 | 1 | |a 04.02.01 I59a |
| 942 | |2 ddc |c LI |h 04.02.01 I59a |k 04.02.01 |m I59a |6 040201_I59A | ||
| 999 | |c 17523 |d 17523 | ||



